000 00381nam a22001217a 4500
999 _c10090
_d10090
003 OSt
008 201218b ||||| |||| 00| 0 eng d
245 _aIndian Journal of Science and Technology
250 _a2011(Oct Vol.4 No.10, Dec Vol.4 No.12)
260 _aChennai, Tamil Nadu
_bIndian Society for Education and Environment
650 _aInformation Technology
942 _2ddc
_cBV